In-vitro assessment of adhesives for cementing dental posts /
Saved in:
| Main Author: | |
|---|---|
| Format: | Thesis Book |
| Language: | English |
| Published: |
2000.
|
| Tags: |
Add Tag
No Tags, Be the first to tag this record!
|
| LEADER | 00782nam a2200205 a 4500 | ||
|---|---|---|---|
| 001 | u708290 | ||
| 003 | SIRSI | ||
| 008 | 010213s2000 si a t 00 eng m | ||
| 040 | |a UMP | ||
| 096 | |a TJ7 |b NUS 2000 Jia | ||
| 100 | 1 | 0 | |a Jian, Zhang. |
| 245 | 1 | 0 | |a In-vitro assessment of adhesives for cementing dental posts / |c Zhang Jian. |
| 260 | |c 2000. | ||
| 300 | |a xi, 102 leaves : |b ill. ; |c 30 cm. | ||
| 502 | |a Dissertation (M.Eng.) -- Department of Mechanical and Production Engineering, National University of Singapore, 2000. | ||
| 504 | |a Bibliography: leaves 99-102 | ||
| 710 | 2 | 0 | |a National University of Singapore. |b Department of Mechanical and Production Engineering. |
| 596 | |a 10 | ||
| 900 | |a SMT | ||
| 999 | |a TJ7 NUS 2000 JIA |w NLM |c 1 |i A514421917 |l STACKS |m P10PERGIGI |r Y |s Y |t TESIS |u 30/3/2012 | ||
